[Event "85th Masters"]
[Site "Hastings ENG"]
[Date "2010.01.04"]
[Round "8"]
[White "Wilson,A"]
[Black "Kirk,Ez"]
[Result "1/2-1/2"]
[WhiteElo "2089"]
[BlackElo "1919"]

1.e4 c5 2.Nf3 Nc6 3.Bb5 e6 4.Bxc6 bxc6 5.O-O d5 6.d3 Ne7 7.Nc3 Ng6 8.Ng5 Be7
9.Qh5 Bxg5 10.Bxg5 f6 11.Bd2 O-O 12.Rad1 Rb8 13.b3 Qd6 14.f4 f5 15.e5 Qe7
16.Na4 c4 17.dxc4 dxc4 18.Be3 Rb5 19.Rd4 cxb3 20.axb3 Rd5 21.c4 Rxd4 22.Bxd4 Rd8
23.Bc5 Qe8 24.Rd1 Rxd1+ 25.Qxd1 Qd7 26.Qxd7 Bxd7 27.g3 a6 28.Kf2 Kf7 29.Ke3 Ke8
30.Bd6 Kd8 31.Kd4 Kc8 32.Nc5 a5 33.Nxd7 Kxd7 34.Kc5 Nh8 35.Bf8 g5 36.Bg7 gxf4
37.gxf4 Ng6 38.Bh6 Kc7 39.Bg5 Nf8 40.Bh4 Nd7+ 41.Kd4 c5+ 42.Ke3 Nb6 43.Kd3 Nd7
44.Be1 Kb6 45.Bh4 Nb8 46.Bd8+ Ka6  1/2-1/2

[Event "85th Masters"]
[Site "Hastings ENG"]
[Date "2010.01.04"]
[Round "8"]
[White "Spanton,T"]
[Black "Tarun,Malhotra"]
[Result "0-1"]
[WhiteElo "2026"]
[BlackElo "1734"]

1.e4 c5 2.Nf3 Nc6 3.Bb5 d6 4.d4 cxd4 5.Qxd4 Bd7 6.Bxc6 Bxc6 7.Nc3 e5 8.Qd3 Nf6
9.Bg5 Be7 10.O-O-O Qa5 11.Kb1 Rd8 12.Bxf6 Bxf6 13.Nd5 Bxd5 14.Qxd5 Qb6 15.Rd3 O-O
16.Rf1 Qc7 17.Rc3 Qb8 18.Rd1 Be7 19.Rdd3 Rc8 20.Nd2 b5 21.Rxc8 Rxc8 22.Rb3 Rc5
23.Qd3 Qe8 24.Nf1 h6 25.Ne3 g6 26.Nd5 a6 27.Ra3 Rc6 28.Nb4 Rc4 29.Nxa6 d5
30.Ra5 Rd4 31.Qf3 dxe4 32.Qe2 Qd8 33.b4 Rd1+ 34.Kb2 Qd4+  0-1

[Event "Meister Open"]
[Site "Basel SUI"]
[Date "2010.01.05"]
[Round "7"]
[White "Staechelin,R"]
[Black "Bogdanov,O"]
[Result "1/2-1/2"]
[WhiteElo "2129"]
[BlackElo "2280"]

1.e4 c5 2.Nf3 Nc6 3.Bb5 e6 4.Bxc6 bxc6 5.d3 Ne7 6.O-O Ng6 7.Re1 Qc7 8.Nbd2 d5
9.b3 Bd6 10.Bb2 d4 11.Nc4 e5 12.Bc1 O-O 13.Ng5 h6 14.Nf3 Be7 15.h3 Re8 16.Bd2 Bf6
17.Qe2 Nf8 18.Qf1 Kh7 19.g3 Ne6 20.Qg2 g6 21.Rf1 Bg7 22.Kh2 Ba6 23.Ba5 Qb8
24.Rab1 Bxc4 25.bxc4 Qc8 26.Rb3 Qa6 27.Ra3 Reb8 28.Rc1 Qb7 29.Rb3 Qa6 30.Ra3 Rb2
31.Qf1 Rab8 32.Qe1 h5 33.Rb3 R8xb3 34.axb3 Ra2 35.Bd2 f6 36.Nh4 Bh6 37.Bxh6 Kxh6
38.Ng2 Qa5 39.Qxa5 Rxa5 40.h4 Ra2 41.f4 exf4 42.gxf4  1/2-1/2

[Event "ZVO Open"]
[Site "Borovo CRO"]
[Date "2010.01.05"]
[Round "6"]
[White "Martinovic,Sl"]
[Black "Pavlovic,Draga"]
[Result "1/2-1/2"]
[WhiteElo "2440"]
[BlackElo "2255"]

1.e4 c5 2.Nf3 Nc6 3.Bb5 g6 4.Bxc6 bxc6 5.O-O Bg7 6.c3 Nf6 7.Re1 O-O 8.h3 d5
9.e5 Nd7 10.d4 Rb8 11.b3 c4 12.bxc4 dxc4 13.Nbd2 Qa5 14.Ne4 Nb6 15.Bd2 Na4
16.Qe2 Be6 17.Bg5 Rb7 18.Qe3 Bd5 19.Rac1 f6 20.Bh6 f5 21.Bxg7 Kxg7  1/2-1/2

[Event "15th Open"]
[Site "Bosnjaci CRO"]
[Date "2010.01.05"]
[Round "4"]
[White "Ivekovic,Bo2"]
[Black "Ivanov,StojanE"]
[Result "0-1"]
[WhiteElo "2042"]
[BlackElo "2198"]

1.e4 c5 2.Nf3 Nc6 3.Bb5 Nf6 4.Bxc6 bxc6 5.d3 d6 6.O-O e5 7.Nbd2 Be7 8.Re1 O-O
9.Nf1 Rb8 10.Ng3 Be6 11.Nf5 Bxf5 12.exf5 Qd7 13.Nh4 Nd5 14.Nf3 Qxf5 15.b3 Qg6
16.Bd2 f5 17.c4 Nc7 18.Ba5 Ne6 19.b4 cxb4 20.d4 e4 21.Nd2 Nf4 22.g3 Nd3 23.Re2 d5
24.cxd5 cxd5 25.Qb3 Rb5 26.Bc7 Qc6 27.Nxe4 Nc1 28.Qc2 Nxe2+ 29.Qxe2 fxe4  0-1

[Event "ch-AUS"]
[Site "Sydney AUS"]
[Date "2010.01.09"]
[Round "7"]
[White "Matheson,L"]
[Black "Brown,An"]
[Result "1-0"]
[WhiteElo "2048"]
[BlackElo "2144"]

1.e4 c5 2.Nf3 Nc6 3.Bb5 g6 4.O-O Bg7 5.c3 e5 6.d4 cxd4 7.cxd4 exd4 8.Bf4 Nge7
9.Bd6 Qb6 10.Na3 a6 11.Ba4 Qd8 12.Bb3 h6 13.Nh4 O-O 14.f4 Kh7 15.f5 Be5 16.Nc4 Bxd6
17.Nxd6 Ne5 18.Nxf7 Nxf7 19.Bxf7 gxf5 20.Qh5 Qb6 21.Nxf5 Ng8 22.Bxg8+ Rxg8
23.Qf7+ Kh8 24.Ne7 Rg7 25.Qe8+ Kh7 26.Rf8  1-0

[Event "ch-AUS"]
[Site "Sydney AUS"]
[Date "2010.01.10"]
[Round "8"]
[White "Illingworth,M"]
[Black "Hamilton,D"]
[Result "1-0"]
[WhiteElo "2248"]
[BlackElo "2193"]

1.e4 c5 2.Nf3 Nc6 3.Bb5 e6 4.O-O Nge7 5.b3 a6 6.Bxc6 Nxc6 7.Bb2 f6 8.Nh4 Qe7
9.f4 Qf7 10.c4 Be7 11.f5 Bd6 12.Nf3 Qh5 13.Nc3 b6 14.e5 fxe5 15.Ne4 Bc7 16.fxe6 dxe6
17.Ng3 Qh6 18.Qe2 O-O 19.Nxe5 Bb7 20.d3 Nd4 21.Bxd4 cxd4 22.Rfe1 Rae8 23.Rab1 Rf4
24.Rf1 Ref8 25.Rxf4 Rxf4 26.Re1 Rf8 27.Ng4 Qg6 28.Qxe6+ Qxe6 29.Rxe6 Bc8
30.Re4 Bf4 31.Nh5 Bd2 32.h3 Bxg4 33.hxg4 Be3+ 34.Kh2 g6 35.Ng3 Rf2 36.Re6 Rd2
37.Ne4 Rxd3 38.Rxb6 Rd1 39.Rxa6 Kf7 40.Kg3 g5 41.Kf3 Ke7 42.Ke2 Rb1 43.g3 Kd7
44.Nf6+ Kc8 45.Nd5 Rb2+ 46.Kd3 Rd2+ 47.Ke4 Bg1 48.c5 Re2+ 49.Kd3 Re5 50.Rd6 Bf2
51.b4 Re1 52.Rf6 Bxg3 53.c6  1-0

[Event "ch-NZL"]
[Site "Auckland NZL"]
[Date "2010.01.11"]
[Round "10"]
[White "Garbett,P"]
[Black "Depasquale,C"]
[Result "0-1"]
[WhiteElo "2302"]
[BlackElo "2274"]

1.Nf3 c5 2.e4 Nc6 3.Bb5 Na5 4.c3 a6 5.Ba4 b5 6.Bc2 Bb7 7.O-O e6 8.Re1 Qc7
9.e5 h6 10.Qe2 Ne7 11.Be4 c4 12.Bxb7 Nxb7 13.d4 cxd3 14.Qxd3 Nd5 15.Be3 Nxe3
16.Qxe3 Bc5 17.Qe2 O-O 18.Nbd2 d5 19.Nb3 Rfc8 20.Rac1 Bf8 21.Red1 Qb6 22.Nfd4 Rc4
23.a3 Rac8 24.h3 R4c7 25.Qe3 a5 26.Nc2 Nc5 27.Nxc5 Bxc5 28.Qf4 Be7 29.Qd4 Qb8
30.Ra1 Rc4 31.Qe3 Re4 32.Qd3 Qxe5 33.Nd4 b4 34.axb4 axb4 35.Qa6 Qc7 36.Nb5 Qc5
37.cxb4 Rxb4 38.Na7 Rc7 39.Rdc1 Qxc1+ 40.Rxc1 Rxc1+ 41.Kh2 Rxb2 42.Nc8 Bf6
43.f4 Rcc2 44.Kg3 Rb3+  0-1

[Event "Open"]
[Site "Prague CZE"]
[Date "2010.01.11"]
[Round "4"]
[White "Sindler,M"]
[Black "Kovar,V"]
[Result "1-0"]
[WhiteElo "2168"]
[BlackElo "2365"]

1.e4 c5 2.Nf3 Nc6 3.Bb5 g6 4.O-O Bg7 5.c3 Nf6 6.e5 Nd5 7.d4 cxd4 8.cxd4 O-O
9.Re1 d6 10.Nc3 dxe5 11.Bxc6 bxc6 12.Nxe5 Qc7 13.Na4 Bf5 14.Bd2 f6 15.Nc4 e5
16.Ba5 Qe7 17.Qd2 Rfe8 18.dxe5 fxe5 19.Ne3 Be6 20.Rac1 Rac8 21.Nc5 Bf7 22.Ne4 Bf8
23.Nc4 Red8 24.Bxd8 Rxd8 25.Qg5 Qc7 26.Qxe5 Qd7 27.Qxd5 Bxd5 28.Nf6+ Kg7
29.Nxd7 Rxd7 30.b3 Bb4 31.Red1 Re7 32.Ne3 Ba3 33.Rc2 Be4 34.Rcd2 Kf6 35.Rd7 Re8
36.h3 a5 37.Rxh7 Be7 38.Nc4 g5 39.Rh6+ Kg7 40.Re6 Bd5 41.Re2 a4 42.Nd6 Bxd6
43.Rxe8 a3 44.Rxd5 cxd5 45.Rd8  1-0

[Event "Open"]
[Site "Prague CZE"]
[Date "2010.01.12"]
[Round "5"]
[White "Dvorak,T"]
[Black "Kulhanek,T"]
[Result "0-1"]
[WhiteElo "2296"]
[BlackElo "2441"]

1.e4 c5 2.Nf3 Nc6 3.Bb5 g6 4.O-O Bg7 5.c3 Nf6 6.Re1 O-O 7.h3 e5 8.d4 cxd4
9.cxd4 exd4 10.e5 Nd5 11.Bg5 Qb6 12.Na3 h6 13.Bd2 d6 14.exd6 Qc5 15.Bc4 Be6
16.Qb3 Qxd6 17.Rad1 a6 18.Qd3 b5 19.Bb3 Bf5 20.Qf1 Rfe8 21.Bc2 Qf6 22.Bxf5 Qxf5
23.Rc1 Rxe1 24.Qxe1 Qd7 25.Rc5 Bf8 26.Rc1 Ndb4 27.Ne5 Nxe5 28.Qxe5 Re8 29.Qf6 Nd3
30.Qc6 Qxc6 31.Rxc6 Re2 32.Nb1 Bb4 33.Rc2 Bxd2 34.Nxd2 Kg7 35.f3 Nb4  0-1

[Event "ch-AUS"]
[Site "Sydney AUS"]
[Date "2010.01.12"]
[Round "10"]
[White "Matheson,L"]
[Black "Hamilton,D"]
[Result "0-1"]
[WhiteElo "2048"]
[BlackElo "2193"]

1.e4 c5 2.Nf3 Nc6 3.Bb5 g6 4.O-O Bg7 5.c3 Nf6 6.Re1 O-O 7.d4 d5 8.exd5 Nxd5
9.dxc5 e6 10.Bxc6 bxc6 11.Nd4 Qc7 12.Na3 e5 13.Ndb5 cxb5 14.Qxd5 Rb8 15.Bg5 Be6
16.Qd6 Qc8 17.Rxe5 h6 18.Be7 Re8 19.Re3 Rb7 20.Bh4 Rd7 21.Nxb5 a6 22.Qb6 axb5
23.Qxb5 Rb7 24.Qe2 Qxc5 25.b4 Qc6 26.Rb1 Ra8 27.b5 Rxa2 28.bxc6 Rxb1+ 29.Qe1 Raa1
30.f3 Rxe1+ 31.Bxe1 Bf8 32.Kh1 Bc5 33.Re2 Bf2  0-1

[Event "2nd Kirov Memorial Open"]
[Site "Blagoevgrad BUL"]
[Date "2010.01.13"]
[Round "4"]
[White "Badev,K"]
[Black "Nikolova,A"]
[Result "1-0"]
[WhiteElo "2369"]
[BlackElo "2336"]

1.e4 c5 2.Nf3 Nc6 3.Bb5 d6 4.O-O Bd7 5.Re1 Nf6 6.c3 a6 7.Bf1 Bg4 8.d4 cxd4
9.cxd4 Bxf3 10.gxf3 d5 11.e5 Nd7 12.e6 fxe6 13.Bh3 Qb6 14.Bxe6 Nxd4 15.Nc3 Nxe6
16.Nxd5 Qd4 17.Nc7+ Kf7 18.Nxa8 g5 19.Nc7 Qxd1 20.Rxd1 Ne5 21.Nxe6 Kxe6 22.Kg2 Nc6
23.Be3 Bg7 24.Rd2 Be5 25.Re1 Kf5 26.Bc5 Bf6 27.Rd5+ Kg6 28.b3 h5 29.Re4 Kf7
30.h3 Rc8 31.Be3 Rg8 32.Kf1 Kg6 33.f4 g4 34.hxg4 hxg4 35.f5+ Kf7 36.Kg2 Bh4
37.a4 Re8 38.b4 a5 39.bxa5 Bf6 40.Bb6 Rh8 41.Rxg4 Ne5 42.Rg3 e6 43.fxe6+ Kxe6
44.Rb5 Rh4 45.Bc7 Nc6 46.Rxb7 Rxa4 47.Re3+ Kd5 48.Rb5+ Kc4 49.Rb6 Kd5 50.Rh3 Rg4+
51.Kf3 Rg1 52.Rh5+ Bg5 53.Rxg5+  1-0

[Event "2nd Kirov Memorial Open"]
[Site "Blagoevgrad BUL"]
[Date "2010.01.14"]
[Round "6"]
[White "Ljangov,P"]
[Black "Savov,P"]
[Result "1-0"]
[WhiteElo "2107"]
[BlackElo "1969"]

1.e4 c5 2.Nf3 Nc6 3.Bb5 Qa5 4.Bxc6 bxc6 5.O-O g6 6.d3 Bg7 7.Nbd2 d5 8.Nb3 Qb6
9.Be3 d4 10.Bf4 Nf6 11.Qc1 O-O 12.Bh6 Re8 13.Bxg7 Kxg7 14.Ne5 Be6 15.Nd2 Qc7
16.f4 Nd7 17.Nxd7 Bxd7 18.Nb3 Qb6 19.Nd2 f6 20.b3 Be6 21.Qe1 Qc7 22.Rf2 Bg8
23.Nf1 e5 24.fxe5 fxe5 25.Nd2 Rf8 26.Rxf8 Rxf8 27.Qg3 Qe7 28.Rf1 Rxf1+ 29.Kxf1 h6
30.Nf3 Bf7 31.Qxe5+ Qxe5 32.Nxe5 Be8 33.Nc4 Kf6 34.Nd6 Ke7 35.Nxe8 Kxe8 36.Ke2 Ke7
37.Kd2  1-0

[Event "TCh-AUT 2009-10"]
[Site "Graz AUT"]
[Date "2010.01.14"]
[Round "4"]
[White "Palac,M"]
[Black "Halvax,G"]
[Result "1-0"]
[WhiteElo "2578"]
[BlackElo "2294"]

1.e4 c5 2.Nf3 Nc6 3.Bb5 g6 4.O-O Bg7 5.c3 Nf6 6.d3 O-O 7.Be3 d6 8.Nbd2 Ng4
9.Bg5 f5 10.exf5 gxf5 11.Re1 Nf6 12.d4 cxd4 13.cxd4 e6 14.Nc4 a6 15.Bxc6 bxc6
16.Rc1 Qc7 17.Bf4 Rd8 18.b4 Nd5 19.Bg5 Re8 20.Qd2 Bd7 21.Bf4 Nxf4 22.Qxf4 Bf8
23.Qg3+ Kh8 24.Ng5 Bc8 25.Nxd6 Bxd6 26.Qxd6 Qxd6 27.Nf7+ Kg7 28.Nxd6 Rd8
29.Rxc6 Bd7 30.Rc7 Kf6 31.f4 Rab8 32.Nb7 Rxb7 33.Rxb7 Bc6 34.Rb6 Be4 35.Rd1 Rc8
36.d5 Rc2 37.Rxe6+  1-0

[Event "8th Parsvnath Open"]
[Site "New Delhi IND"]
[Date "2010.01.14"]
[Round "1"]
[White "Jitender,R"]
[Black "Manik,M"]
[Result "0-1"]
[WhiteElo "1826"]
[BlackElo "2435"]

1.e4 c5 2.Nf3 Nc6 3.Bb5 d6 4.d4 cxd4 5.Nxd4 Bd7 6.O-O Nf6 7.Nc3 g6 8.Kh1 Bg7
9.Be3 Ng4 10.a3 O-O 11.Be2 Nxe3 12.fxe3 Rc8 13.Nd5 e6 14.Nb4 Nxd4 15.exd4 a6
16.Nd3 Bxd4 17.c3 Bg7 18.Nf2 Bc6 19.Bd3 d5 20.Qe2 Qc7 21.Ng4 dxe4 22.Bxe4 Bxe4
23.Qxe4 Rfd8 24.Nf6+ Bxf6 25.Rxf6 Rd2 26.Raf1 Rxb2 27.h4 Qxc3 28.h5 Rb5 29.hxg6 Rh5+
30.Kg1 Qc5+ 31.R1f2 hxg6 32.Qg4 Kg7 33.Qe4 Re5 34.Qf4 Re1+ 35.Kh2 Rh8+ 36.Kg3  0-1

[Event "8th Parsvnath Open"]
[Site "New Delhi IND"]
[Date "2010.01.14"]
[Round "1"]
[White "Bitoon,R"]
[Black "Hussain,S"]
[Result "1-0"]
[WhiteElo "2458"]
[BlackElo "1837"]

1.e4 c5 2.Nf3 Nc6 3.Bb5 g6 4.O-O Bg7 5.Re1 Nd4 6.Nxd4 cxd4 7.c3 Qb6 8.Na3 a6
9.Ba4 Qc7 10.cxd4 Bxd4 11.Nc2 Be5 12.h3 e6 13.d4 Bg7 14.Qf3 Qa5 15.Bb3 Bxd4
16.Bf4 Bxb2 17.Rab1 Be5 18.Ne3 Bxf4 19.Qxf4 b5 20.Nd5 exd5 21.exd5+ Kf8 22.d6 f5
23.Qe5  1-0

[Event "8th Parsvnath Open"]
[Site "New Delhi IND"]
[Date "2010.01.14"]
[Round "1"]
[White "Girinath,P"]
[Black "Arunima,K"]
[Result "1-0"]
[WhiteElo "2370"]
[BlackElo "1712"]

1.e4 c5 2.Nf3 Nc6 3.Bb5 Na5 4.O-O a6 5.Be2 d6 6.Re1 Nf6 7.e5 dxe5 8.Nxe5 e6
9.Bf3 Bd6 10.Qe2 O-O 11.Na3 Qc7 12.g3 Rb8 13.Nac4 Nxc4 14.Nxc4 b5 15.Nxd6 Qxd6
16.d3 Qe7 17.Bf4 Rb6 18.Qe5 Nd7 19.Qc7 h6 20.Bc6 Rxc6 21.Qxc6 Qf6 22.c3 g5
23.Bc7 Qf5 24.Re3 Nf6 25.Bd6 Bd7 26.Qf3 Rc8 27.Qxf5 exf5 28.Re5 c4 29.dxc4 Rxc4
30.Rae1 Be6 31.f3 g4 32.Be7 Nh7 33.f4 Re4 34.R1xe4 fxe4  1-0

[Event "46th ch-CUB"]
[Site "Ciego de Avila CUB"]
[Date "2010.01.16"]
[Round "4"]
[White "Gonzalez Vidal,Y"]
[Black "Corrales Jimenez,F"]
[Result "1/2-1/2"]
[WhiteElo "2514"]
[BlackElo "2602"]

1.e4 c5 2.Nf3 Nc6 3.Bb5 g6 4.Bxc6 dxc6 5.d3 Bg7 6.h3 Nf6 7.Nc3 Nd7 8.Be3 e5
9.Qd2 h6 10.O-O Qe7 11.Nh2 Nf8 12.f4 exf4 13.Bxf4 Ne6 14.Bg3 Nd4 15.Rae1 O-O
16.e5 Bf5 17.Ne4 h5 18.Nf6+ Bxf6 19.exf6 Qxf6 20.Be5 Qd8 21.g4 hxg4 22.hxg4 f6
23.gxf5 fxe5 24.Qh6 gxf5 25.Qg6+ Kh8 26.Qh6+ Kg8 27.Qg6+ Kh8  1/2-1/2

[Event "8th Parsvnath Open"]
[Site "New Delhi IND"]
[Date "2010.01.16"]
[Round "5"]
[White "Muminova,N"]
[Black "Navalgund,N"]
[Result "1-0"]
[WhiteElo "2347"]
[BlackElo "2168"]

1.e4 c5 2.Nf3 Nc6 3.Bb5 g6 4.O-O Bg7 5.Re1 e5 6.Bxc6 dxc6 7.d3 b6 8.Nbd2 Be6
9.b3 f6 10.Bb2 Nh6 11.a3 a5 12.Nf1 Nf7 13.Ne3 O-O 14.c3 Qd7 15.d4 cxd4 16.cxd4 Rad8
17.Qc2 exd4 18.Nxd4 c5 19.Nxe6 Qxe6 20.Nd5 Kh8 21.a4 Rd7 22.Bc3 Nd8 23.Rad1 Qc6
24.Qb2 Rdf7 25.Ne3 Nb7 26.Nc4 Re8 27.f3 h5 28.e5 f5 29.Qc1 Re6 30.Qd2 Kh7
31.Qd5 Rfe7 32.Qxc6 Rxc6 33.Rd5 g5 34.Red1 Kg6 35.Rd7 Kf7 36.Ne3 Rc7 37.Rxe7+ Rxe7
38.Nxf5 Bxe5 39.Nxe7 Bxc3 40.Nc6 Ke8 41.Kf1 c4 42.bxc4 Nc5 43.Rd5 Nxa4 44.Rxg5 Nb2
45.c5 b5 46.Na7 b4 47.c6 Kd8 48.Nb5 Nc4 49.c7+ Kd7 50.Rd5+  1-0

[Event "8th Parsvnath Open"]
[Site "New Delhi IND"]
[Date "2010.01.18"]
[Round "7"]
[White "Muminova,N"]
[Black "Dimakiling,O"]
[Result "0-1"]
[WhiteElo "2347"]
[BlackElo "2435"]

1.e4 c5 2.Nf3 Nc6 3.Bb5 Na5 4.Be2 a6 5.d4 cxd4 6.Nxd4 e5 7.Nf3 d6 8.O-O Nf6
9.Nc3 h6 10.Re1 Be6 11.Bf1 Rc8 12.Nd5 g5 13.Be3 Bxd5 14.exd5 Nc4 15.Bc1 Nb6
16.c4 Nxc4 17.b3 Nb6 18.Nxe5 dxe5 19.Rxe5+ Kd7 20.Bb2 Kc7 21.Rf5 Nbd7 22.Qf3 Kb8
23.Rxf6 Bg7 24.Qg3+ Rc7 25.Rxf7 Bxb2 26.Re1 Rf8 27.Rxf8 Qxf8 28.d6 Rc2 29.Bd3 Rd2
30.h4 Bd4 31.Be2 Be5 32.Qg4 Qxd6 33.hxg5 hxg5 34.Bc4 Bd4 35.Rf1 Nf6 36.Qf5 g4
37.Kh1 Ka7 38.a4 Ne4 39.Bxa6 Ng3+  0-1

[Event "8th Parsvnath Open"]
[Site "New Delhi IND"]
[Date "2010.01.19"]
[Round "8"]
[White "Semenova,E"]
[Black "Abhishek,D"]
[Result "1/2-1/2"]
[WhiteElo "2208"]
[BlackElo "2326"]

1.e4 c5 2.Nf3 Nc6 3.Bb5 g6 4.O-O Bg7 5.c3 Nf6 6.Re1 O-O 7.d4 d5 8.e5 Ne4
9.Bxc6 bxc6 10.Nbd2 cxd4 11.cxd4 c5 12.dxc5 Nxc5 13.Nb3 Nxb3 14.Qxb3 Ba6
15.Qa3 Bb7 16.Nd4 Qb6 17.Qe3 f6 18.f4 fxe5 19.fxe5 Rac8 20.Bd2 Bh6 21.Qxh6 Qxd4+
22.Be3 Qe4 23.Bc5 Qg4 24.h3 Qg3 25.b4 d4 26.Qd2 Rf5 27.Re2 Rcf8 28.Qe1 Qg5
29.Rd1 Bf3 30.Bxe7 Qxe7 31.gxf3 Rh5 32.Kg2  1/2-1/2

[Event "8th Parsvnath Open"]
[Site "New Delhi IND"]
[Date "2010.01.19"]
[Round "8"]
[White "Saranya,J"]
[Black "Rajesh,VA"]
[Result "1/2-1/2"]
[WhiteElo "2111"]
[BlackElo "2321"]

1.e4 c5 2.Nf3 Nc6 3.Bb5 g6 4.Bxc6 dxc6 5.h3 Bg7 6.d3 e5 7.O-O Qe7 8.Be3 Nf6
9.Nbd2 Nd7 10.Nb3 b6 11.a4 a5 12.Qd2 h6 13.Rfe1 Nf8 14.c3 Be6 15.Qc2 g5 16.d4 c4
17.Nbd2 Ng6 18.b3 cxb3 19.Nxb3 O-O 20.c4 Rfc8 21.c5 Bxb3 22.Qxb3 bxc5 23.dxc5 Nf4
24.Red1 Rcb8 25.Qc2 Rb4 26.Rd6 Qb7 27.Rad1 Ne6 28.Rd7 Qa6 29.Qd2 Qc4 30.Qd6 Qxe4
31.Nd2 Qc2 32.Nf1  1/2-1/2

[Event "8th Parsvnath Open"]
[Site "New Delhi IND"]
[Date "2010.01.20"]
[Round "9"]
[White "Savitskiy,S"]
[Black "Dilip,D"]
[Result "1-0"]
[WhiteElo "2273"]
[BlackElo "2097"]

1.e4 c5 2.Nf3 Nc6 3.Bb5 d6 4.O-O Bg4 5.h3 Bd7 6.c3 Nf6 7.Re1 a6 8.Ba4 b5
9.Bc2 e5 10.d3 Be7 11.Nbd2 O-O 12.Nf1 Qc7 13.Ng3 d5 14.Nh4 Rad8 15.Qf3 dxe4
16.dxe4 Ne8 17.Nhf5 Bxf5 18.Nxf5 Nd6 19.a4 Nxf5 20.exf5 f6 21.axb5 axb5 22.Be3 Na5
23.b3 Kh8 24.Ra2 Nc6 25.Be4 Nb8 26.Rea1 Rd7 27.g4 Rfd8 28.Kg2 Qd6 29.h4 Rc8
30.g5 b4 31.c4 Bd8 32.Qh5 Qf8 33.Ra8 Bb6 34.Bd5 Rcd8 35.Qf3 Qe7 36.Qe4 Ba7
37.f4 Bb6 38.gxf6 gxf6 39.fxe5 fxe5 40.Bg5 Qg7 41.f6 Qg6 42.Qxg6 hxg6 43.f7 Rf8
44.Bh6  1-0

[Event "LX Abto de Verano"]
[Site "Villa Ballester ARG"]
[Date "2010.01.24"]
[Round "4"]
[White "Papadopulos,D"]
[Black "Antonel,Lucas Gonzalo"]
[Result "1/2-1/2"]
[WhiteElo "2160"]
[BlackElo "1926"]

1.e4 c5 2.Nf3 Nc6 3.Bb5 g6 4.O-O Bg7 5.c3 Nf6 6.Re1 O-O 7.h3 d5 8.e5 Nd7
9.d4 e6 10.Na3 Qb6 11.Bf1 cxd4 12.cxd4 a6 13.Nc2 f6 14.exf6 Nxf6 15.Ng5 Re8
16.b3 h6 17.Nf3 Ne4 18.Bb2 e5 19.Ne3 Be6 20.dxe5 Rad8 21.Rc1 Bf7 22.Ng4 h5
23.Ne3 Nxe5 24.Nxe5 Bxe5 25.Bxe5 Rxe5 26.Rc2 d4 27.Nc4 Bxc4 28.Bxc4+ Kh7
29.Qa1 Qf6 30.Rce2 d3 31.Bxd3 Rxd3 32.Rxe4 Rxe4 33.Qxf6 Rxe1+ 34.Kh2 Rd7
35.f4 Rf1 36.Kg3 Rd3+ 37.Kh4 Rd7  1/2-1/2

[Event "2nd Chennai Open"]
[Site "Chennai IND"]
[Date "2010.01.25"]
[Round "1"]
[White "Dzhumaev,M"]
[Black "Swaroop,M"]
[Result "1-0"]
[WhiteElo "2515"]
[BlackElo "1879"]

1.e4 c5 2.Nf3 Nc6 3.Bb5 g6 4.O-O Bg7 5.Re1 Nh6 6.c3 O-O 7.d4 cxd4 8.cxd4 a6
9.Bc4 Na5 10.Bf1 d5 11.exd5 Qxd5 12.Nc3 Qd8 13.d5 b6 14.Bf4 Nf5 15.Rc1 Nd6
16.Ne5 f6 17.Nc6 Nxc6 18.dxc6 e5 19.Nd5 Nf7 20.Be3 Be6 21.Nxb6 Qxd1 22.Rexd1 Rae8
23.c7 f5 24.Bxa6  1-0

[Event "2nd Chennai Open"]
[Site "Chennai IND"]
[Date "2010.01.25"]
[Round "1"]
[White "Chaithanyaa,K"]
[Black "Bitoon,R"]
[Result "0-1"]
[WhiteElo "1862"]
[BlackElo "2458"]

1.e4 c5 2.Nf3 Nc6 3.Bb5 Qb6 4.Nc3 e6 5.O-O Nge7 6.Re1 a6 7.Bf1 Ng6 8.b3 Be7
9.Bb2 O-O 10.Na4 Qc7 11.c4 e5 12.Nc3 d6 13.Nd5 Qd8 14.Ne3 Be6 15.Nf5 Qd7
16.Bd3 Nf4 17.Bb1 g6 18.Ng3 Bh3 19.Nxe5 Nxe5 20.Bxe5 Nxg2 21.Bb2 Nxe1 22.Qxe1 Qg4
23.Bd3 Rae8 24.Be2 Qh4 25.Bf3 Bf6 26.Bxf6 Qxf6 27.Bg2 Bxg2 28.Kxg2 h5 29.d3 h4
30.Nf1 h3+ 31.Kxh3 Qf3+ 32.Ng3 Re5  0-1

[Event "2nd Chennai Open"]
[Site "Chennai IND"]
[Date "2010.01.26"]
[Round "2"]
[White "Rathnakaran,K"]
[Black "Akash,G"]
[Result "0-1"]
[WhiteElo "2402"]
[BlackElo "1847"]

1.e4 c5 2.Nf3 Nc6 3.Bb5 Nf6 4.e5 Nd5 5.O-O g6 6.Re1 Bg7 7.Nc3 Nc7 8.Bxc6 dxc6
9.Ne4 Ne6 10.d3 O-O 11.Be3 b6 12.Qd2 f5 13.exf6 exf6 14.Bh6 Re8 15.h4 Nc7
16.Bxg7 Kxg7 17.Qf4 Nd5 18.Qg3 Re6 19.h5 Qc7 20.Qxc7+ Nxc7 21.hxg6 hxg6 22.a4 Ba6
23.a5 Rae8 24.Ned2 Rxe1+ 25.Nxe1 b5 26.Nef3 Rd8 27.Ne4 Ne6 28.Re1 Kf7 29.g4 Bc8
30.g5 f5 31.Ne5+ Kg7 32.Nxc5 Nxc5 33.Nxc6 Rd7 34.Re5 Rc7 35.Rxc5 Bd7 36.Rxb5 Bxc6
37.Rc5 Rc8 38.c4 Kf7 39.b4 Ke7 40.b5 Bd7 41.Re5+ Kd6 42.Rd5+ Kc7 43.f4 Re8
44.Kf2 Re6 45.Kf3 Re1 46.Kf2 Re6 47.d4 Bc8 48.Rc5+ Kd8 49.Rd5+ Kc7 50.Rc5+ Kd8
51.a6 Re4 52.Rd5+ Kc7 53.Kf3 Bd7 54.Kg3 Re3+ 55.Kf2 Rc3 56.Rc5+ Kb6 57.Ke1 Rf3
58.Rd5 Kc7 59.Kd2 Rxf4 60.Kc3 Rf1 61.Re5 f4 62.Re7 f3 63.Rf7 Kd8 64.Kd2 f2
65.Rf4 Bf5 66.d5 Kc7 67.Ke2 Rc1 68.Kxf2 Kd6 69.Ke3 Kc5 70.Rh4 Rc3+ 71.Kd2 Rd3+
72.Ke2 Ra3 73.Kf2 Bd3 74.Rh7 Bxc4 75.Rxa7 Bxb5 76.Rc7+ Kxd5 77.a7 Ke4 78.Rf7 Bd3
79.Rd7 Ra2+ 80.Kg3 Ke3 81.Rf7 Be4 82.Re7 Ra4 83.Kg4 Kf2 84.Kf4 Bf5+ 85.Ke5 Kf3
86.Rc7 Ra5+ 87.Kf6 Kg4 88.Rc4+ Kh5 89.Rc7 Ra6+ 90.Ke5 Kxg5 91.Rb7 Ra5+ 92.Kd4 Kf4
93.Kc4 g5 94.Kb4 Ra1 95.Kc5 g4 96.Kb6 Be4 97.Rf7+ Kg3 98.Kc5 Bf3  0-1

[Event "ch-BUL S/F Women"]
[Site "Plovdiv BUL"]
[Date "2010.01.26"]
[Round "3"]
[White "Vladimirova,M"]
[Black "Sirkova,D"]
[Result "0-1"]
[WhiteElo "2086"]
[BlackElo "2079"]

1.e4 c5 2.Nf3 Nc6 3.Bb5 e6 4.O-O Nge7 5.Nc3 a6 6.Bxc6 Nxc6 7.Re1 d6 8.b3 Be7
9.Bb2 Bf6 10.a4 O-O 11.Qc1 Nd4 12.Nxd4 cxd4 13.Ne2 e5 14.Ng3 Be6 15.Nh5 Bg5
16.f4 Bh4 17.f5 Bxe1 18.Qxe1 Qg5 19.Ng3 Bd7 20.Qe2 g6 21.Rf1 h5 22.Ba3 h4
23.Nh1 Rfc8 24.Bxd6 Rxc2 25.fxg6 fxg6 26.Qf3 Qf4 27.Qxf4 exf4 28.Bxf4 Rf8
29.g3 g5 30.Bxg5 Rxf1+ 31.Kxf1 Rc1+ 32.Ke2 Rxh1 33.gxh4 Rb1 34.Kd3 Rxb3+
35.Kxd4 Bxa4 36.Kc5 Rd3 37.e5 Kf7 38.Kc4 Bb5+ 39.Kc5 Ke6 40.Bf4 Kf5 41.Be3 Kxe5
42.h5 Rd5+ 43.Kb4 Bd3 44.h6 a5+ 45.Ka4 Bc2+ 46.Ka3 Rd3+ 47.Kb2 Rxe3 48.dxe3 Bg6
49.Kb3 b5 50.h3 Ke4 51.h4 Kxe3 52.h5 Bh7 53.Ka3 Kd2 54.Kb3 b4 55.Kb2 a4 56.Ka2 Kc2
57.Ka1  0-1

[Event "ch-BUL S/F Women"]
[Site "Plovdiv BUL"]
[Date "2010.01.27"]
[Round "4"]
[White "Bednikova,S"]
[Black "Ivanova,G"]
[Result "1-0"]
[WhiteElo "2094"]
[BlackElo "1669"]

1.e4 c5 2.Nf3 Nc6 3.Bb5 g6 4.c3 Nf6 5.e5 Nd5 6.O-O Bg7 7.d4 cxd4 8.cxd4 O-O
9.Re1 Nc7 10.Bf1 d6 11.Nbd2 Bg4 12.Qb3 Qd7 13.h3 Bf5 14.Ne4 dxe5 15.dxe5 Rfd8
16.Ng3 Be6 17.Qa3 b5 18.Qc5 Qd5 19.Be3 Qxc5 20.Bxc5 Rd5 21.Rac1 Nxe5 22.Nxe5 Rxe5
23.Rxe5 Bxe5 24.Bxe7 Nd5 25.Bc5 Rc8 26.b3 Bd4 27.Ba3 b4 28.Rxc8+ Bxc8 29.Bc4 bxa3
30.Bxd5 Ba6 31.Ne4 Kf8 32.Ng5 Bd3 33.Nxf7 a5 34.Ng5 Ke7 35.Be4 Bxe4 36.Nxe4 Ke6
37.Kf1 Kd5 38.f3 Be3 39.Ke2 Kd4 40.Nd6 Bc1 41.Kd1 Bb2 42.Kc2 h5 43.Nc4 Bc3
44.Nxa3 Bb4 45.Nc4 h4 46.Kd1 a4 47.Ke2 Kc3 48.Ke3 a3 49.Kf4 Be7 50.Kg4 Kc2
51.f4 Kd3 52.Ne5+ Kc2 53.Nxg6 Bf6 54.Ne5 Kb2 55.Nc4+ Kxa2 56.b4  1-0

[Event "ch-BUL S/F Women"]
[Site "Plovdiv BUL"]
[Date "2010.01.27"]
[Round "4"]
[White "Stefanova,M"]
[Black "Vladimirova,M"]
[Result "1/2-1/2"]
[WhiteElo "1996"]
[BlackElo "2086"]

1.e4 c5 2.Nf3 Nc6 3.Bb5 Nd4 4.Nxd4 cxd4 5.O-O e6 6.d3 a6 7.Bc4 Ne7 8.a4 Nc6
9.c3 Bc5 10.Nd2 O-O 11.Qh5 d6 12.Nb3 Ba7 13.cxd4 Nxd4 14.Bg5 Qe8 15.Nxd4 Bxd4
16.Qe2 Bd7 17.Bf4 Qe7 18.a5 Bc6 19.h3 h6 20.Rac1 Rac8 21.Be3 Bxe3 22.Qxe3 Rfd8
23.Rfd1 d5 24.exd5 Bxd5 25.Bxd5 Rxc1 26.Rxc1 Rxd5 27.Rc8+ Rd8 28.Rxd8+ Qxd8
29.Qe4 Qd7 30.h4 g6 31.g3 Kg7 32.Qe5+  1/2-1/2

[Event "2nd Chennai Open"]
[Site "Chennai IND"]
[Date "2010.01.29"]
[Round "6"]
[White "Mishra,So"]
[Black "Kotsur,P"]
[Result "1/2-1/2"]
[WhiteElo "2277"]
[BlackElo "2568"]

1.e4 c5 2.Nf3 Nc6 3.Bb5 e6 4.O-O Nge7 5.b3 a6 6.Bxc6 Nxc6 7.Bb2 b5 8.d4 cxd4
9.Nxd4 Bb7 10.a4 b4 11.Nd2 Rc8 12.Nc4 Nxd4 13.Qxd4 d5 14.exd5 Qxd5 15.Qg4 h5
16.Qh3 Bc5 17.Rad1 Qg5 18.Rd3 Be4 19.Rg3 Qf5 20.Qxf5 Bxf5 21.Bxg7 Rg8 22.Bf6 Rxg3
23.hxg3 Rc7 24.Rd1 Rd7 25.Rxd7 Kxd7 26.Ne5+ Kd6 27.Nd3 Kd5 28.Kf1 Bd6 29.Ke2 Be4
30.Bd8 Bxg2 31.Ba5 Be4 32.Nxb4+ Bxb4 33.Bxb4 Bxc2 34.Ke3 Ke5 35.a5 Bxb3 36.Bc3+ Kf5
37.Bb4 Bd5 38.Bd6 e5 39.Bc7 f6 40.Bd6 Kg4 41.Bc7 Kf5 42.Bb8 Ke6 43.Bc7 f5
44.f4 exf4+  1/2-1/2